Aspectos fundamentales de ordenación del sector crediticio... / (Record no. 26171)

MARC details
000 -LEADER
campo de control de longitud fija 00711nam a2200193 i 4500
001 - NÚMERO DE CONTROL
campo de control 26171
003 - IDENTIFICADOR DE NÚMERO DE CONTROL
campo de control ES-MaACL
005 - FECHA Y HORA DE LA ÚLTIMA TRANSACCIÓN
campo de control 20250902042219.0
007 - CAMPO FIJO DE DESCRIPCIÓN FÍSICA--INFORMACIÓN GENERAL
campo de control de longitud fija t|
008 - DATOS DE LONGITUD FIJA--INFORMACIÓN GENERAL
campo de control de longitud fija 030108s1981 sp ||||1| spa d
245 00 - MENCIÓN DEL TÍTULO
Título Aspectos fundamentales de ordenación del sector crediticio... /
Mención de responsabilidad, etc. [traductor: Stefan Hladun Jablonsky].
260 ## - PUBLICACIÓN, DISTRIBUCIÓN, ETC.
Lugar de publicación, distribución, etc. Madrid :
Nombre del editor, distribuidor, etc. ESIC,
Fecha de publicación, distribución, etc. [1981]
300 ## - DESCRIPCIÓN FÍSICA
Extensión 47 p. ;
Dimensiones 22 cm.
500 ## - NOTA GENERAL
Nota general Precede al tít.: Instituto de Dirección y Organización de Empresas.
700 1# - ENTRADA AGREGADA--NOMBRE PERSONAL
Nombre de persona Jablonsky, Stefan Hladun.
9 (RLIN) 65790
710 2# - ENTRADA AGREGADA--NOMBRE DE ENTIDAD CORPORATIVA
Nombre de entidad corporativa o nombre de jurisdicción como elemento de entrada Universidad de Alcalá de Henares.
Unidad subordinada Instituto de Dirección y Organización de Empresas
9 (RLIN) 4863
852 ## - LOCALIZACIÓN
Ubicación ES-MaACL
Número de control de estantería 2117-F-10
Sublocalización o colección R.101814
Holdings
Estatus retirado Estado de pérdida Estado de daño No para préstamo Colección Biblioteca de origen Biblioteca actual Ubicación en estantería Fecha de adquisición Fuente de adquisición Total de préstamos Signatura topográfica completa Código de barras Visto por última vez Precio de reemplazo Tipo de ítem Koha
        Colección de folletos Biblioteca del Ateneo de Madrid Biblioteca del Ateneo de Madrid Depósito folletos 17/01/2008     2117-F-10 1027008 23/02/2023 23/02/2023 Folleto